000 00996cam a2200265 4500
008 090427s2005 sp 000 0 spa u
020 _a849772786
035 _aa481015
050 0 4 _aKKT4180.V5
_bE88 2005
245 0 0 _aEstudios sobre la ley integral contra la violencia de género /
_cJorge Alguacil...[et.al]; Elviro Aranda, director
250 _a1a ed.
260 _aMadrid, España :
_bDykinson, S.L.,
_c2005
300 _a194 páginas ;
_c21 cm.
440 0 _aCuadernos "Bartolomé de las Casas" ;
_vno.36
650 7 _aDelitos contra la mujer
_zEspaña
_2Lemb
650 7 _aDiscriminación sexual contra la mujer
_xLegislación
_zEspaña
_2Lemb
700 1 _aAlguacil, Jorge,
_eautor
700 1 _aBallesteros, Constanza,
_eautor
700 1 _aEntrena, Luz,
_eautor
700 1 _aMallaina, Carmela,
_eautor
700 1 _aCirujano, Paula,
_eautor
700 1 _aLorenzo, Magdalena,
_eautor
700 1 _aRviriego, Fernando,
_eautor
700 1 _aAranda, Elviro,
_edirector
942 _2lcc
_cLIB
999 _c147542
_d147540